000 00227nam a2200121Ia 4500
100 _a#N/A
650 _aComputer/ IT
942 _cBK
654 _alinux
245 _aLinux Dynebolic 1.1
260 _b#N/A
546 _aENGLISH
999 _c26595
_d26595